000
00329nam a22001457a 4500
003
SGT
082
_a
617.643
_b
R21J
100
_a
Jaglan, Archana
245
_a
Retention and relapse
260
_a
Gurugram, Haryana
_b
SGT University
_c
2021
300
_a
180
650
_a
Orthodontics
653
_a
Orthodontics
942
_2
ddc
_c
TH
999
_c
23647
_d
23647